The J. & P. switchgear book; an outline of modern switchgear practice for the non-specialist user (Record no. 69614)

000 -LEADER
fixed length control field 00501nam a22001697a 4500
003 - CONTROL NUMBER IDENTIFIER
control field NUST - PNEC
005 - DATE AND TIME OF LATEST TRANSACTION
control field 20170116181122.0
008 - FIXED-LENGTH DATA ELEMENTS--GENERAL INFORMATION
fixed length control field 151005b xxu||||| |||| 00| 0 eng d
020 ## - INTERNATIONAL STANDARD BOOK NUMBER
International Standard Book Number 0408000694
040 ## - CATALOGING SOURCE
Transcribing agency LIBRARY
082 ## - DEWEY DECIMAL CLASSIFICATION NUMBER
Classification number 621.317 LYT
100 ## - MAIN ENTRY--PERSONAL NAME
9 (RLIN) 13537
Personal name Lythall, R. T.
245 ## - TITLE STATEMENT
Title The J. & P. switchgear book; an outline of modern switchgear practice for the non-specialist user
Statement of responsibility, etc. R.T. Lythall
260 ## - PUBLICATION, DISTRIBUTION, ETC.
Place of publication, distribution, etc. c.1972
650 ## - SUBJECT ADDED ENTRY--TOPICAL TERM
9 (RLIN) 13551
Topical term or geographic name entry element Electric switchgear
General subdivision EL
942 ## - ADDED ENTRY ELEMENTS (KOHA)
Source of classification or shelving scheme
Koha item type Book
Holdings
Withdrawn status Lost status Source of classification or shelving scheme Damaged status Not for loan Permanent Location Current Location Shelving location Date acquired Total Checkouts Full call number Barcode Date last seen Price effective from Koha item type
          Pakistan Navy Engineering College (PNEC) Pakistan Navy Engineering College (PNEC)       621.317 LYT PNECLIB-004894 10/05/2015   Book
          Pakistan Navy Engineering College (PNEC) Pakistan Navy Engineering College (PNEC)       621.317 LYT PNECLIB-004895 10/05/2015   Book
          Pakistan Navy Engineering College (PNEC) Pakistan Navy Engineering College (PNEC)       621.317 LYT PNECLIB-004896 10/05/2015   Book
          Pakistan Navy Engineering College (PNEC) Pakistan Navy Engineering College (PNEC)       621.317 LYT PNECLIB-004897 10/05/2015   Book
          Pakistan Navy Engineering College (PNEC) Pakistan Navy Engineering College (PNEC)       621.317 LYT PNECLIB-004898 10/05/2015   Book
          Pakistan Navy Engineering College (PNEC) Pakistan Navy Engineering College (PNEC)       621.317 LYT PNECLIB-004899 10/05/2015   Book
          Pakistan Navy Engineering College (PNEC) Pakistan Navy Engineering College (PNEC)       621.317 LYT PNECLIB-004892 10/05/2015   Book
© 2023 Central Library, National University of Sciences and Technology. All Rights Reserved.